| 000 | 00938nam a22002177a 4500 | ||
|---|---|---|---|
| 001 | EIF-IX-2016-M7-007 | ||
| 003 | OSt | ||
| 005 | 20221228090405.0 | ||
| 008 | 221228b |||||||| |||| 00| 0 eng d | ||
| 040 |
_aFundación Jesús Pereda _cFundación Jesús Pereda |
||
| 041 | _aCastellano | ||
| 100 |
_uUniversitat Autònoma de Barcelona _aSans Molas, Joel _9768 |
||
| 111 |
_aEncuentro de Investigadores del Franquismo _c(Granada _d2016. _n9º) _9101 |
||
| 245 |
_aMilitancias revolucionarias en los años 60 y 70s. _bEl caso de la Organización de Izquierda Comunista _c/Joel Sans Molas |
||
| 610 | 0 |
_9926 _aOrganización de Izquierda Comunista (OIC) |
|
| 650 | 0 |
_9769 _aComunismo |
|
| 650 | 0 |
_9110 _aOposición al franquismo |
|
| 773 |
_tActas del IX Encuentro de Investigadores del Franquismo _g351-361 p. |
||
| 856 | _uhttps://bibliotecaccoocyl.fundacionjesuspereda.es/cgi-bin/koha/opac-retrieve-file.pl?id=17ee67caf0ff1bb7fd521c7365575c53 | ||
| 942 |
_2ddc _cCF _n0 |
||
| 999 |
_c557 _d557 |
||